000 01007nam a22002897a 4500
001 4806
003 FISKH
005 20241014160817.0
008 241014b cb ||||| |||| 00| 0 eng d
020 _a0439176743
040 _aFISKH
_beng
_cFISKH
_dFISKH
050 _aPZ7.S75663
082 _a813.54
100 _aSpinelli, Jerry
245 _aCrash /
_cby Jerry Spinelli
250 _aFirst Scholastic printing, February 2000
260 _aNew York :
_bScholastic ;
_c1996.
300 _a162 pages :
_billustrations ;
_c20 cm .
505 _aN
520 _aSeventh-grader John "Crash" Coogan has always been comfortable with his tough, aggressive behavior, until his relationship with an unusual Quaker boy and his grandfather's stroke make him consider the meaning of friendship and the importance of family.
521 8 _a560
_bLexile HL
521 8 _aN
_bRaz-Plus
650 _afootball
_vfiction
700 _aHoyt, Eleanor
942 _2ddc
_cBK
_n0
999 _c4806
_d4806